| 000 | 00328nam a22001337a 4500 | ||
|---|---|---|---|
| 020 | _a9789693516555 | ||
| 040 | _cNUST | ||
| 082 | _a297.4 AHM | ||
| 100 |
_aAhmad Rafiq Akhtar, Prof _988650 |
||
| 245 | _aUtathay Hain Hijab Akhar | ||
| 260 |
_aLAHORE: _bSANG-E-MEEL, _c2016. |
||
| 650 |
_aIslam-Sufism _989512 |
||
| 942 |
_2ddc _cBK |
||
| 999 |
_c587721 _d587721 |
||